[Event "FRA-ch U14"]
[Site "Agen"]
[Date "2022.04.18"]
[Round "2"]
[White "Breuil, Tristan"]
[Black "Gibaud, Elian"]
[Result "0-1"]
[WhiteElo "2106"]
[BlackElo "1643"]
[PlyCount "100"]
[EventDate "2022.04.16"]
[EventType "swiss"]
[EventRounds "9"]
[EventCountry "FRA"]
[SourceTitle "EXT 2023"]
[Source "ChessBase"]
[SourceDate "2022.10.05"]
[SourceVersion "1"]
[SourceVersionDate "2022.10.05"]
[SourceQuality "1"]

1. e4 c5 2. Nf3 e6 3. d4 cxd4 4. Nxd4 Nc6 5. Nc3 Qc7 6. Ndb5 Qb8 7. Be3 a6 8. Bb6 axb5 9. Nxb5 Bb4+ 10. c3 Ba5 11. Nc7+ Qxc7 12. Bxc7 Bxc7 13. Qg4 g6 14. Bb5 Kf8 15. 0-0 Kg7 16. a4 Nf6 17. Qe2 d5 18. f3 dxe4 19. Bxc6 bxc6 20. b4 Bb6+ 21. Kh1 e3 22. Rfd1 e5 23. Qc4 Bb7 24. a5 Ba7 25. a6 Bc8 26. Qxc6 Be6 27. b5 Rhc8 28. Qd6 Bc5 29. Qxe5 Bc4 30. b6 Bxa6 31. Rxa6 Rxa6 32. b7 Rd8 33. Re1 Ba7 34. g4 Kg8 35. c4 Rb8 36. g5 Nd7 37. Qd5 Nc5 38. Rxe3 Nxb7 39. Re7 Nd6 40. Rd7 Ra2 41. Qd1 Rbb2 42. Rxa7 Rxa7 43. c5 Raa2 44. Qf1 Rxh2+ 45. Kg1 Nf5 46. Qe1 Rag2+ 47. Kf1 Ng3+ 48. Qxg3 Rxg3 49. c6 Rxf3+ 50. Kg1 Rc2 0-1

[Event "Rochefort op 20th"]
[Site "Rochefort"]
[Date "2022.02.12"]
[Round "1"]
[White "Demuth, Adrien"]
[Black "Breuil, Tristan"]
[Result "1-0"]
[WhiteElo "2489"]
[BlackElo "1995"]
[PlyCount "45"]
[EventDate "2022.02.12"]
[EventType "swiss"]
[EventRounds "9"]
[EventCountry "FRA"]
[SourceTitle "CBM 206 Extra"]
[Source "ChessBase"]
[SourceDate "2022.03.31"]
[SourceVersion "1"]
[SourceVersionDate "2022.03.31"]
[SourceQuality "1"]

1. Nf3 Nf6 2. g3 d5 3. Bg2 c5 4. 0-0 Nc6 5. d4 Bg4 6. Ne5 e6 7. Nxg4 Nxg4 8. e4 Nf6 9. exd5 Nxd5 10. c4 Ndb4 11. a3 Na6 12. d5 exd5 13. cxd5 Nd4 14. Re1+ Be7 15. d6 Qxd6 16. Bxb7 Rb8 17. Bf4 Qb6 18. Bxa6 Rd8 19. Bc4 Qg6 20. Nc3 Nc2 21. Bb5+ Kf8 22. Qxd8+ Bxd8 23. Re8# 1-0

[Event "Cappelle Online Rapid op"]
[Site "Europe Echecs INT"]
[Date "2021.03.06"]
[Round "9"]
[White "Breuil, Tristan"]
[Black "Levannier Gouel, Marius"]
[Result "1/2-1/2"]
[WhiteElo "1973"]
[BlackElo "1676"]
[PlyCount "136"]
[EventDate "2021.03.06"]
[EventType "swiss (rapid)"]
[EventRounds "9"]
[EventCountry "FRA"]
[SourceTitle "CBM 201 Extra"]
[Source "ChessBase"]
[SourceDate "2021.05.31"]
[SourceVersion "1"]
[SourceVersionDate "2021.05.31"]
[SourceQuality "1"]

1. e4 c5 2. Nf3 Nc6 3. d4 cxd4 4. Nxd4 e5 5. Nb5 a6 6. Nd6+ Bxd6 7. Qxd6 Qe7 8. Qxe7+ Ngxe7 9. Nc3 d5 10. exd5 Nb4 11. Bd3 Nxd3+ 12. cxd3 Bf5 13. Ke2 Rd8 14. Be3 Nxd5 15. Nxd5 Rxd5 16. Rhd1 0-0 17. Rac1 Rfd8 18. Rc3 b5 19. a3 a5 20. f3 b4 21. axb4 axb4 22. Rb3 h6 23. g4 Bg6 24. f4 exf4 25. Bxf4 Re8+ 26. Kf2 Rd4 27. Kf3 Red8 28. Be3 Rxd3 29. Rdxd3 Rxd3 30. Rxb4 h5 31. gxh5 Bxh5+ 32. Ke4 Rd1 33. Rb8+ Kh7 34. b4 Rb1 35. b5 Be2 36. b6 Bf1 37. Kf3 Rb2 38. Bf4 Bg2+ 39. Ke3 Kg6 40. Bc7 Kf5 41. Kd4 Ke6 42. Kc5 f5 43. Re8+ Kf7 44. Re3 g5 45. Re5 Kf6 46. Re8 f4 47. Bd8+ Kf5 48. Kd4 f3 49. Ke3 Kg4 50. Rf8 Re2+ 51. Kd3 Bf1 52. Kc3 Re3+ 53. Kd4 Rb3 54. Bc7 Ba6 55. Rf6 Kh3 56. Bg3 Kg2 57. Ke4 Bb7+ 58. Kd4 Rb4+ 59. Ke3 Re4+ 60. Kd3 Rg4 61. Ke3 Re4+ 62. Kd3 Rb4 63. Ke3 Rb3+ 64. Kd4 g4 65. Rf4 Bc8 66. Rf8 Bb7 67. Rf6 Rb2 68. Kd3 Rb3+ 1/2-1/2

[Event "FRA-ch Blitz Online Qual"]
[Site "Europe Echecs INT"]
[Date "2020.05.16"]
[Round "12"]
[White "Breuil, Tristan"]
[Black "Bressy, Theo"]
[Result "0-1"]
[WhiteElo "1898"]
[BlackElo "2289"]
[PlyCount "100"]
[EventDate "2020.05.16"]
[EventType "swiss (blitz)"]
[EventRounds "15"]
[EventCountry "FRA"]
[SourceTitle "CBM 196 Extra"]
[Source "ChessBase"]
[SourceDate "2020.07.31"]
[SourceVersion "1"]
[SourceVersionDate "2020.07.31"]
[SourceQuality "1"]

1. e4 e6 2. d4 d5 3. Nd2 Nf6 4. e5 Nfd7 5. c3 c5 6. Bd3 Nc6 7. Bc2 cxd4 8. cxd4 Nxd4 9. Ba4 Nc6 10. Ndf3 Bb4+ 11. Bd2 Qa5 12. Bxc6 bxc6 13. Ne2 Bxd2+ 14. Qxd2 Qxd2+ 15. Kxd2 Ba6 16. Ned4 c5 17. Nb3 Ke7 18. Rac1 Rac8 19. Rc2 Rc7 20. Rhc1 Rhc8 21. Rc3 h6 22. g4 f6 23. exf6+ Nxf6 24. R3c2 Kd6 25. h3 e5 26. Nh4 c4 27. Nf5+ Ke6 28. Na1 h5 29. f3 hxg4 30. hxg4 Rh8 31. Ke3 d4+ 32. Kf2 g6 33. Ng3 Rh2+ 34. Ke1 Rch7 35. g5 Nd5 36. Ne4 Ne3 37. Rxh2 Rxh2 38. Nc5+ Kf5 39. Nxa6 d3 40. Rd1 Nxd1 41. Kxd1 Rh1+ 42. Kd2 Rxa1 43. a3 Rb1 44. Kc3 Rc1+ 45. Kd2 Rc2+ 46. Kd1 Rxb2 47. Nc5 Kf4 48. Ne6+ Kxf3 49. Nf8 c3 50. Nxg6 Rb1# 0-1

[Event "FRA-ch Blitz Online Qual"]
[Site "Europe Echecs INT"]
[Date "2020.05.16"]
[Round "11"]
[White "Breuil, Tristan"]
[Black "Fantinel, Thibault"]
[Result "0-1"]
[WhiteElo "1898"]
[BlackElo "2375"]
[PlyCount "80"]
[EventDate "2020.05.16"]
[EventType "swiss (blitz)"]
[EventRounds "15"]
[EventCountry "FRA"]
[SourceTitle "CBM 196 Extra"]
[Source "ChessBase"]
[SourceDate "2020.07.31"]
[SourceVersion "1"]
[SourceVersionDate "2020.07.31"]
[SourceQuality "1"]

1. e4 c5 2. Nf3 Nc6 3. d4 cxd4 4. Nxd4 e5 5. Nb5 d6 6. c4 Be7 7. N5c3 Nf6 8. Bd3 0-0 9. Nd5 Nd7 10. Nxe7+ Qxe7 11. Nc3 Nc5 12. Bb1 Be6 13. Nd5 Bxd5 14. exd5 Nd8 15. Be3 f5 16. g4 e4 17. Bxc5 dxc5 18. d6 Qe5 19. Qe2 Nf7 20. gxf5 Nxd6 21. Bc2 Qxb2 22. 0-0 Rxf5 23. Kh1 Qf6 24. Bxe4 Re8 25. f3 Nxe4 26. fxe4 Rxe4 27. Qd3 Qc6 28. Rf3 Rxf3 29. Qxf3 Re1+ 30. Rxe1 Qxf3+ 31. Kg1 Qg4+ 32. Kf2 Qxc4 33. Re8+ Kf7 34. Rb8 Qd5 35. Ra8 a6 36. Rh8 h5 37. h4 Qd4+ 38. Kg3 Qg4+ 39. Kf2 Qxh4+ 40. Ke3 Qg4 0-1

[Event "FRA-ch Blitz Online Qual"]
[Site "Europe Echecs INT"]
[Date "2020.05.16"]
[Round "3"]
[White "Fondrat, Johan"]
[Black "Breuil, Tristan"]
[Result "1-0"]
[WhiteElo "1509"]
[BlackElo "1898"]
[PlyCount "79"]
[EventDate "2020.05.16"]
[EventType "swiss (blitz)"]
[EventRounds "15"]
[EventCountry "FRA"]
[SourceTitle "CBM 196 Extra"]
[Source "ChessBase"]
[SourceDate "2020.07.31"]
[SourceVersion "1"]
[SourceVersionDate "2020.07.31"]
[SourceQuality "1"]

1. e4 Nf6 2. e5 Nd5 3. d4 d6 4. exd6 cxd6 5. c4 Nb6 6. Nc3 g6 7. Nf3 Bg7 8. Be3 0-0 9. Be2 Nc6 10. 0-0 Bg4 11. Rc1 Bxf3 12. Bxf3 Nxc4 13. Qb3 Nb6 14. Bxc6 bxc6 15. Ne4 Qd7 16. Rc2 Rfc8 17. Rfc1 Rc7 18. a4 Rac8 19. Ng5 e6 20. Ne4 Nd5 21. Qa3 Bf8 22. Bg5 f5 23. Nf6+ Nxf6 24. Bxf6 Kf7 25. Bg5 h6 26. Bf4 g5 27. Bd2 c5 28. dxc5 Rxc5 29. Rxc5 dxc5 30. Be3 Qd5 31. g3 e5 32. Qc3 f4 33. Bd2 Ke6 34. Qc2 Rd8 35. Qg6+ Kd7 36. Ba5 Re8 37. Qf5+ Qe6 38. Rd1+ Bd6 39. Qe4 fxg3 40. Qb7# 1-0

[Event "FRA-ch Blitz Online Qual"]
[Site "Europe Echecs INT"]
[Date "2020.05.16"]
[Round "9"]
[White "Koelsch, Gilbert"]
[Black "Breuil, Tristan"]
[Result "0-1"]
[WhiteElo "2159"]
[BlackElo "1898"]
[PlyCount "100"]
[EventDate "2020.05.16"]
[EventType "swiss (blitz)"]
[EventRounds "15"]
[EventCountry "FRA"]
[SourceTitle "CBM 196 Extra"]
[Source "ChessBase"]
[SourceDate "2020.07.31"]
[SourceVersion "1"]
[SourceVersionDate "2020.07.31"]
[SourceQuality "1"]

1. e4 Nf6 2. e5 Nd5 3. Nc3 Nxc3 4. dxc3 d6 5. Bc4 g6 6. Qf3 e6 7. Bf4 Bg7 8. exd6 cxd6 9. Bb5+ Kf8 10. Ne2 a6 11. Ba4 f6 12. 0-0-0 d5 13. h4 b5 14. Bb3 Bb7 15. h5 Ke7 16. h6 Bf8 17. Rhe1 Kf7 18. Nd4 Bc8 19. Bxb8 Rxb8 20. Nc6 Qc7 21. Nxb8 Qxb8 22. g4 Bxh6+ 23. Kb1 Qf4 24. Qg2 Bg5 25. Rd4 Qc7 26. Qf1 h5 27. f4 Bh6 28. f5 gxf5 29. gxf5 Rd8 30. fxe6+ Bxe6 31. Qf2 Bg5 32. Rf1 Qe5 33. Rdd1 a5 34. Rde1 Qd6 35. Qa7+ Rd7 36. Qxa5 Bf4 37. Qb4 Qxb4 38. cxb4 Bd2 39. Re2 Bxb4 40. Rh1 Bg4 41. Rg2 Bf3 42. Rgh2 Bxh1 43. Rxh1 Kg6 44. Rg1+ Kh6 45. c3 Bc5 46. Bc2 Bxg1 47. Bd3 Rb7 48. Kc2 h4 49. Kd1 h3 50. Ke1 h2 0-1